Podvody bez hranic

Rastúca hospodárska kriminalita, podvody a aféry v podnikateľskej i finančnej sfére sú niektoré sprievodné javy trhového hospodárstva, ktoré sa prejavujú aj vo vyspelých krajinách Európskej únie. Štúdia Podvody bez hraníc uvádza medzinárodné podvody, ohrozujúce hospodársku prosperitu Európskej únie....

ver descrição completa

Na minha lista:
Detalhes bibliográficos
Formato: Capítulo de Livro
Idioma:tcheco
Assuntos:
Tags: Adicionar Tag
Sem tags, seja o primeiro a adicionar uma tag!

MARC

LEADER 00000naa a2200000 4500
001 r027000
005 20230922084947.6
041 0 |a cze 
044 |a CZ 
245 1 0 |a Podvody bez hranic 
520 |a Rastúca hospodárska kriminalita, podvody a aféry v podnikateľskej i finančnej sfére sú niektoré sprievodné javy trhového hospodárstva, ktoré sa prejavujú aj vo vyspelých krajinách Európskej únie. Štúdia Podvody bez hraníc uvádza medzinárodné podvody, ohrozujúce hospodársku prosperitu Európskej únie. Príklady z uvedenej štúdie v jednotlivých krajinách EÚ. 
610 2 0 |a kriminalita hospodárska 
610 2 0 |a Európska únia 
610 2 0 |a podvody